000
00286nam a2200121Ia 4500
008
191201s2017 xx 000 0 und d
100
_a
SHARMA, Ashok
245
0
_a
Business Law BBA Sem V
260
_a
N. delhi
_b
V.K Galobal
_c
2017
300
_a
344
650
_a
BBA
942
_2
ddc
_c
BK
_0
2
999
_c
6736
_d
6736